Statystyki dla Polscy skoczkowie w sezonie 2019-2020

Kliknij tutaj aby rozwiązać quiz!

Ogólne statystyki

  • Ten quiz został rozwiązany 556 razy
  • Średni wynik to 9 z 15

Statystyki odpowiedzi

LpOdpowiedź% Poprawnych
2.Kamil Stoch
100%
1.Dawid Kubacki
98%
5.Maciej Kot
89%
3.Piotr Żyła
88%
4.Jakub Wolny
78%
6.Stefan Hula
75%
7.Klemens Murańka
69%
8.Aleksander Zniszczoł
64%
12.Andrzej Stękała
58%
9.Paweł Wąsek
49%
10Tomasz Pilch
45%
13.Kacper Juroszek
21%
11.Adam Niżnik
14%
15.Arkadiusz Jojko
13%
14.Mateusz Gruszka
8%

Rozkład punktacji

Percentyl według liczby udzielonych odpowiedzi

Procent ludzi z każdym wynikiem

Twoja historia wyników

Nie rozwiązałeś tego quizu